000 00652nam a2200277Ia 4500
005 20260324144615.0
008 008 260324s9999 xx 000 0 eng d
020 _a9781315722788
037 _aEBOOK
040 _aCRL
040 _beng
040 _cCRL
041 _2eng
041 _aeng
084 _qCRL
100 _aAndrew H. Dawson
_91219953
245 0 _aPlanning in Eastern Europe (Routledge Revivals)
260 _bTaylor and Francis
260 _c1987
365 _a
365 _b290
856 _uhttp://www.taylorfrancis.com/books/9781315722788
942 _cEBOOK
999 _c1826763
_d1826763